| 000 | 00990cam a2200313 a 4500 | ||
|---|---|---|---|
| 001 | 2527017 | ||
| 005 | 20240818092947.0 | ||
| 008 | 940616t1993 xxuk frb 001 0 eng d | ||
| 010 | _a93087341 | ||
| 020 | _a0883850273 | ||
| 020 | _a9780883850275 | ||
| 040 |
_aPBm _cPBm _dTxGeoS _dDLC |
||
| 082 | 0 | 4 |
_a514.224 _222 _bLIV |
| 100 | 1 |
_aLivingston, Charles _935906 |
|
| 245 | 1 | 0 |
_aKnot theory / _cCharles Livingston. |
| 260 |
_aWashington : _bMathematical Association of America, _cc.1993. |
||
| 300 |
_axviii, 240 p. : _bforms ; _c20 cm. |
||
| 490 | 1 |
_aThe Carus mathematical monographs ; _v24 |
|
| 500 | _aIndex : p. 239-240. | ||
| 504 | _aBibliography : p. 233-237. | ||
| 650 | 0 |
_aKnot theory _935907 |
|
| 653 |
_bENGGEN _cApril2014 |
||
| 655 |
_vreading book _934232 |
||
| 830 | 0 |
_aCarus mathematical monographs ; _v24. |
|
| 942 |
_2ddc _k514.224 LIV _hRDA-MOD |
||
| 999 |
_c18219 _d18191 |
||
| 336 |
_2rdacontent _atext _btxt |
||
| 337 |
_aunmediated _2rdamedia _bn |
||
| 338 |
_avolume _bnc _2rdacarrier |
||